Zázračné ťaženie pokračujekva kvalifikácia ME basketbalistiek 2005: Slovensko - Ukrajina 73:64 (17:19,35:39,51:56)

Bibliographic Details
Format: Article
Language:Slovak
PhysicalDescription:Tab.
ISSN:0139-7001
Subjects:

MARC

LEADER 00000nab a2200000 a 4500
001 vtls000886473
003 SK-MaSNL
005 20260302170108.0
008 180206c2004 xo 0 slo
015 |a SNBRB2004/09-28487 
035 |a CLN000237910 
040 |a SNKBUCL  |b slo  |c SNKBUCL  |e AACR2 
041 0 |a slo 
044 |a xo  |c SK 
080 |a 796.323.2.093.1  |2 UDC-MRF-SK2 
245 0 0 |a Zázračné ťaženie pokračujekva  |b kvalifikácia ME basketbalistiek 2005: Slovensko - Ukrajina 73:64 (17:19,35:39,51:56) 
300 |b Tab. 
650 0 7 |a basketbal  |x ženy  |x Slovensko - Ukrajina  |x kvalifikácia ME 2005  |y 2004  |2 snkbucl  |9 871881 
655 7 |a články z novín a časopisov  |2 snkbucl  |9 267496 
773 0 |x 0139-7001  |t Šport  |g Roč. 58, č. 217 (20.9.2004), s. 28 
850 |a Slovenská národná knižnica v Martine 
852 |a SNK  |b KIS3GCP 
958 |a RBX 
999 |c 1391821  |d 1393751